Emergency medicine : PreTest self-assessment and review /

Bibliographic Details
Corporate Author: NetLibrary, Inc
Other Authors: Koenig, Kristi L., Tintinalli, Judith E.
Format: eBook
Language:English
Published: New York : McGraw-Hill, [2000]
Edition:2nd ed.
Subjects:
Online Access:Connect to the full text of this electronic book

MARC

Tag First Indicator Second Indicator Subfields
LEADER 00000cam a2200000La 4500
001 in00001762005
005 20220105110511.0
006 m u
007 cr cn---------
008 020104s2000 nyu s 000 0 eng d
020 |a 0071382674 (electronic bk.) 
035 |a (OCoLC)ocm49569882 
040 |a N$T  |c N$T  |d OCLCQ  |d UtOrBLW 
049 |a IICA 
050 1 4 |a RC86.9  |b .C57 2000eb 
245 0 0 |a Emergency medicine :  |b PreTest self-assessment and review /  |c Kristi Koenig. 
250 |a 2nd ed. 
264 1 |a New York :  |b McGraw-Hill,  |c [2000] 
264 4 |c ©2000 
300 |a xi, 209 pages ;  |c 28 cm. 
336 |a text  |b txt  |2 rdacontent 
337 |a computer  |b c  |2 rdamedia 
338 |a online resource  |b cr  |2 rdacarrier 
500 |a Revised edition of: Clinical emergency medicine. c1996. 
500 |a Review of: Emergency medicine / Judith E. Tintinalli. 5th edition 1999. 
504 |a Includes bibliographical references. 
533 |a Electronic reproduction.  |b Boulder, Colo. :  |c NetLibrary,  |d 2002.  |n Available via World Wide Web.  |n Access may be limited to NetLibrary affiliated libraries. 
500 |a Electronic resource. 
650 0 |a Emergency medicine.  |0 http://id.loc.gov/authorities/subjects/sh85042755 
650 0 |a Emergency medicine  |v Examinations, questions, etc.  |0 http://id.loc.gov/authorities/subjects/sh2008102971 
655 7 |a Electronic books.  |2 local 
700 1 |a Koenig, Kristi L.  |0 http://id.loc.gov/authorities/names/n95802539 
700 1 |a Tintinalli, Judith E.  |t Emergency medicine. 
710 2 |a NetLibrary, Inc.  |0 http://id.loc.gov/authorities/names/no99080690 
730 0 |a Clinical emergency medicine. 
776 1 |c Original  |z 0071351442 
856 4 1 |u https://proxy.library.tamu.edu/login?url=http://www.netLibrary.com/urlapi.asp?action=summary&v=1&bookid=63913  |z Connect to the full text of this electronic book  |t 0 
994 |a X0  |b IIC 
999 |a MARS 
999 f f |s 45051318-b906-3f63-b1e3-dc4d6f84c366  |i ce42ac6e-acf7-3ba3-a17a-f3d0e5be96fc  |t 0 
952 f f |a Texas A&M University  |b College Station  |c Electronic Resources  |d Available Online  |t 0  |e RC86.9 .C57 2000eb  |h Library of Congress classification 
998 f f |a RC86.9 .C57 2000eb  |t 0  |l Available Online